[Event "25. Open Ciudad de San Fernando 2014"]
[Site "San Fernando ESP"]
[Date "2012.07.14"]
[Round "1.1"]
[White "Garrido Dominguez, Jesus"]
[Black "Callejo Hernanz, Jesus Maria"]
[Result "1-0"]
[WhiteElo "2380"]
[BlackElo "1789"]
[PlyCount "55"]
[EventDate "2012.07.14"]
[EventType "swiss"]
[EventRounds "7"]
[EventCountry "ESP"]
[Source "lmi"]
[SourceDate "2012.07.14"]

1. e4 c5 2. Nf3 d6 3. d4 Nf6 4. Nc3 cxd4 5. Nxd4 g6 6. g3 Bg7 7. Bg2 O-O 8. O-O
Nbd7 9. h3 Ne5 10. f4 Nc6 11. Nde2 Bd7 12. Be3 Rc8 13. Kh2 Qa5 14. Nd5 Be6 15.
c3 Qd8 16. Rc1 Na5 17. b3 b6 18. c4 Nxd5 19. exd5 Bd7 20. Bd4 Bh6 21. Ba1 e5
22. dxe6 Bxe6 23. Qd4 f6 24. Rfe1 d5 25. cxd5 Bd7 26. Nc3 Nb7 27. d6 Nc5 28.
Nd5 1-0

[Event "25. Open Ciudad de San Fernando 2014"]
[Site "San Fernando ESP"]
[Date "2012.07.14"]
[Round "1.2"]
[White "Aguirre Fernandez, Carlos"]
[Black "Cruz Ravina, Francisco Javier"]
[Result "0-1"]
[WhiteElo "1788"]
[BlackElo "2345"]
[PlyCount "56"]
[EventDate "2012.07.14"]
[EventType "swiss"]
[EventRounds "7"]
[EventCountry "ESP"]
[Source "lmi"]
[SourceDate "2012.07.14"]

1. d4 Nf6 2. c4 d6 3. Nc3 e5 4. Nf3 Nbd7 5. e4 g6 6. Be2 Bg7 7. Be3 O-O 8. O-O
Ng4 9. Bg5 f6 10. Bd2 Nh6 11. Be3 c6 12. dxe5 dxe5 13. c5 Ng4 14. Qb3+ Kh8 15.
Na4 Bh6 16. Bxh6 Nxh6 17. Rfd1 Qe7 18. Rd2 Re8 19. Rad1 Nf8 20. h3 Ne6 21. Qe3
Nf7 22. Bc4 Nf4 23. Bxf7 Qxf7 24. b3 Be6 25. Nb2 g5 26. Rd6 Rg8 27. Nd3 Qh5 28.
Nfe1 Qxd1 0-1

[Event "25. Open Ciudad de San Fernando 2014"]
[Site "San Fernando ESP"]
[Date "2012.07.14"]
[Round "1.3"]
[White "Gonzalez Galvan, Juan Manuel"]
[Black "Gutierrez Molina, Jose Luis"]
[Result "1-0"]
[WhiteElo "2236"]
[BlackElo "1780"]
[PlyCount "49"]
[EventDate "2012.07.14"]
[EventType "swiss"]
[EventRounds "7"]
[EventCountry "ESP"]
[Source "lmi"]
[SourceDate "2012.07.14"]

1. e4 c6 2. Nc3 d5 3. Qf3 dxe4 4. Nxe4 Nd7 5. d4 Ngf6 6. Bd3 Nxe4 7. Qxe4 Nf6
8. Qh4 e6 9. Nf3 Be7 10. Qg3 Qa5+ 11. Bd2 Qh5 12. Ne5 O-O 13. h4 c5 14. Bg5
cxd4 15. Be2 Bb4+ 16. Kf1 Ne4 17. Qd3 Nd2+ 18. Kg1 Qxe2 19. Qxe2 f6 20. Bxd2
Bd6 21. Nc4 Bc7 22. Bb4 Re8 23. Rd1 Rd8 24. c3 b5 25. Na5 1-0

[Event "25. Open Ciudad de San Fernando 2014"]
[Site "San Fernando ESP"]
[Date "2012.07.14"]
[Round "1.4"]
[White "Rodriguez Perez, Antonio"]
[Black "Perez Garcia, Roberto"]
[Result "1-0"]
[WhiteElo "1749"]
[BlackElo "2214"]
[PlyCount "75"]
[EventDate "2012.07.14"]
[EventType "swiss"]
[EventRounds "7"]
[EventCountry "ESP"]
[Source "lmi"]
[SourceDate "2012.07.14"]

1. d4 Nf6 2. c4 g6 3. Nc3 d5 4. cxd5 Nxd5 5. e4 Nxc3 6. bxc3 Bg7 7. Nf3 c5 8.
Bc4 O-O 9. O-O Nc6 10. Be3 cxd4 11. cxd4 Bg4 12. e5 Bxf3 13. gxf3 e6 14. f4 Ne7
15. Qf3 Rc8 16. Rac1 Qd7 17. Rfd1 Rfd8 18. Bb3 b6 19. Rxc8 Rxc8 20. d5 exd5 21.
Bxd5 Nxd5 22. Rxd5 Qf5 23. Qd1 h5 24. Rd7 h4 25. Kg2 Rc4 26. Rxa7 Kh7 27. h3
Bh6 28. Qg4 Qe4+ 29. Qf3 Qf5 30. Qd5 Qe4+ 31. Qxe4 Rxe4 32. Rxf7+ Kg8 33. Rf6
Kg7 34. Kf3 Ra4 35. Rxb6 Rxa2 36. Rb7+ Kg8 37. e6 Ra6 38. Rb8+ 1-0

[Event "25. Open Ciudad de San Fernando 2014"]
[Site "San Fernando ESP"]
[Date "2012.07.14"]
[Round "1.5"]
[White "Valhondo Morales, Ruben"]
[Black "Millan Navarro, Jesus"]
[Result "1-0"]
[WhiteElo "2085"]
[BlackElo "1736"]
[PlyCount "81"]
[EventDate "2012.07.14"]
[EventType "swiss"]
[EventRounds "7"]
[EventCountry "ESP"]
[Source "lmi"]
[SourceDate "2012.07.14"]

1. d4 d6 2. e4 Nf6 3. Nc3 e5 4. Nf3 Nbd7 5. g4 Nxg4 6. Rg1 Ngf6 7. Be3 c6 8.
Qd2 b5 9. dxe5 dxe5 10. O-O-O Qa5 11. Kb1 b4 12. Na4 Qxa4 13. Bc4 Nxe4 14. Qd3
Nd6 15. Rxg7 Nxc4 16. Rxf7 Nxe3 17. fxe3 Kxf7 18. Ng5+ Kf6 19. h4 Ke7 20. Qf5
Kd8 21. Qxe5 Bd6 22. Ne6+ Ke8 23. Qxd6 b3 24. Nc7+ Kd8 25. Ne6+ Ke8 26. axb3
Qe4 27. Nc7+ Kd8 28. Ne6+ Ke8 29. Rd4 Qe5 30. Qxc6 Qxe3 31. Re4 Qxe4 32. Qxe4
Kf7 33. Ng5+ Kg7 34. Qxa8 Kg6 35. Qxa7 Nf6 36. Qf7+ Kf5 37. Ne4 Kxe4 38. Qxf6
Rg8 39. Qc6+ Ke5 40. Qc7+ Ke4 41. Qxh7+ 1-0

[Event "25. Open Ciudad de San Fernando 2014"]
[Site "San Fernando ESP"]
[Date "2012.07.14"]
[Round "2.1"]
[White "Gentes Benito, Mauricio"]
[Black "Garrido Dominguez, Jesus"]
[Result "0-1"]
[WhiteElo "1983"]
[BlackElo "2380"]
[PlyCount "72"]
[EventDate "2012.07.14"]
[EventType "swiss"]
[EventRounds "7"]
[EventCountry "ESP"]
[Source "lmi"]
[SourceDate "2012.07.14"]

1. e4 d6 2. d4 Nf6 3. Nc3 e5 4. Nf3 Nbd7 5. Be2 Be7 6. O-O O-O 7. Bg5 c6 8. a4
a5 9. h3 Re8 10. Bc4 Qb6 11. dxe5 dxe5 12. Bb3 Qc7 13. Qe2 Nc5 14. Bc4 Ne6 15.
Rad1 h6 16. Bc1 Bc5 17. Bxe6 Bxe6 18. Be3 Bb4 19. Nb1 b5 20. Nbd2 bxa4 21. Nc4
Nxe4 22. Bxh6 Bf5 23. Nh4 Bh7 24. Qg4 Bf8 25. Be3 Qc8 26. Qxc8 Raxc8 27. Nxa5
Rb8 28. Bc1 Rec8 29. Nc4 f6 30. c3 Nc5 31. f4 Bd3 32. Ne3 Bxf1 33. Kxf1 exf4
34. Nc4 Rd8 35. Rxd8 Rxd8 36. Ng6 Rd1+ 0-1

[Event "25. Open Ciudad de San Fernando 2014"]
[Site "San Fernando ESP"]
[Date "2012.07.14"]
[Round "2.2"]
[White "Cruz Ravina, Francisco Javier"]
[Black "Garcia Del Campo, Efren"]
[Result "1-0"]
[WhiteElo "2345"]
[BlackElo "1936"]
[PlyCount "75"]
[EventDate "2012.07.14"]
[EventType "swiss"]
[EventRounds "7"]
[EventCountry "ESP"]
[Source "lmi"]
[SourceDate "2012.07.14"]

1. Nf3 Nf6 2. d4 d5 3. g3 e6 4. Bg2 Be7 5. O-O O-O 6. c4 dxc4 7. Ne5 Nc6 8.
Nxc6 bxc6 9. Bxc6 Rb8 10. Nc3 Bb7 11. Bxb7 Rxb7 12. Rb1 c5 13. dxc5 Bxc5 14.
Qa4 Qc8 15. Bg5 Nd5 16. Rfd1 h6 17. Bd2 Rd8 18. a3 Bd4 19. Nxd5 exd5 20. Ba5
Bb6 21. Bxb6 axb6 22. Rd4 Re7 23. Qc2 Re5 24. Rbd1 b5 25. e4 Qe6 26. f4 Rh5 27.
f5 Qb6 28. Qf2 Re8 29. exd5 g6 30. fxg6 fxg6 31. d6 Rf5 32. d7 Rd8 33. Rf4
Qxf2+ 34. Kxf2 Rxf4+ 35. gxf4 Kf7 36. Ke3 Ke6 37. Ke4 Ke7 38. Ke5 1-0

[Event "25. Open Ciudad de San Fernando 2014"]
[Site "San Fernando ESP"]
[Date "2012.07.14"]
[Round "2.3"]
[White "Macias Roman, Fco  Javier"]
[Black "Gonzalez Galvan, Juan Manuel"]
[Result "1-0"]
[WhiteElo "1953"]
[BlackElo "2236"]
[PlyCount "109"]
[EventDate "2012.07.14"]
[EventType "swiss"]
[EventRounds "7"]
[EventCountry "ESP"]
[Source "lmi"]
[SourceDate "2012.07.14"]

1. e4 c5 2. Nf3 Nc6 3. d4 cxd4 4. Nxd4 Nf6 5. Nc3 e5 6. Ndb5 d6 7. Bg5 a6 8.
Na3 Be6 9. Nc4 Rc8 10. Ne3 Be7 11. Bxf6 Bxf6 12. Ned5 Bg5 13. g3 O-O 14. Bg2 f5
15. O-O f4 16. g4 Nd4 17. f3 Bxd5 18. exd5 Qb6 19. Kh1 Qxb2 20. Ne4 Rxc2 21.
Rb1 Qxa2 22. Ra1 Qxd5 23. Nxg5 Rfc8 24. Qd3 g6 25. h4 Qb3 26. Qxb3+ Nxb3 27.
Rad1 Nd4 28. h5 b5 29. Ra1 R8c6 30. h6 b4 31. Rfb1 b3 32. Ra4 Rb6 33. Bf1 d5
34. Bxa6 Rb8 35. Bb7 Rc5 36. Ra7 Kf8 37. Bxd5 Ke8 38. Bf7+ Kd8 39. Bxg6 b2 40.
Bxh7 Rb6 41. Kg2 Kc8 42. Nf7 Kb8 43. Re7 Nc2 44. Be4 Ne3+ 45. Kh2 Rc8 46. h7
Nc4 47. h8=Q Rxh8+ 48. Nxh8 Nd2 49. Nf7 Nxb1 50. Bxb1 Rb3 51. Nxe5 Rc3 52. g5
Rc1 53. Be4 Kc8 54. g6 Rc6 55. Bf5+ 1-0

[Event "25. Open Ciudad de San Fernando 2014"]
[Site "San Fernando ESP"]
[Date "2012.07.14"]
[Round "2.4"]
[White "Canto Suplet, Adrian"]
[Black "Valhondo Morales, Ruben"]
[Result "1/2-1/2"]
[WhiteElo "1949"]
[BlackElo "2085"]
[PlyCount "95"]
[EventDate "2012.07.14"]
[EventType "swiss"]
[EventRounds "7"]
[EventCountry "ESP"]
[Source "lmi"]
[SourceDate "2012.07.14"]

1. e4 c5 2. c3 d5 3. exd5 Qxd5 4. d4 Nf6 5. Nf3 Bg4 6. dxc5 Qxd1+ 7. Kxd1 e5 8.
b4 Nc6 9. h3 O-O-O+ 10. Bd2 Bh5 11. Be2 Ne4 12. Ke1 f5 13. Bc1 Be7 14. Nfd2
Bxe2 15. Kxe2 Nf6 16. Nc4 f4 17. b5 Nb8 18. Ba3 Rd5 19. Nd6+ Bxd6 20. cxd6 Rxb5
21. c4 Ra5 22. Bb4 Ra4 23. a3 Nc6 24. Nc3 Nd4+ 25. Kd3 Ra6 26. Nd5 Nxd5 27.
cxd5 Nb5 28. Rac1+ Kd7 29. Rc5 Nxd6 30. Rhc1 Rc8 31. Rxc8 Nxc8 32. Ke4 Rg6 33.
Kxe5 Rg5+ 34. Kxf4 Rxd5 35. Ke4 Nb6 36. g4 Rb5 37. Rc5 Rxc5 38. Bxc5 Nc8 39. f4
Ke6 40. f5+ Kf7 41. g5 h6 42. h4 hxg5 43. hxg5 g6 44. a4 b6 45. Ba3 gxf5+ 46.
Kxf5 a5 47. g6+ Kg8 48. Ke6 1/2-1/2

[Event "25. Open Ciudad de San Fernando 2014"]
[Site "San Fernando ESP"]
[Date "2012.07.14"]
[Round "2.5"]
[White "Montero Campuzano, Rafael"]
[Black "Martinez Munoz, Guillermo"]
[Result "1-0"]
[WhiteElo "2083"]
[BlackElo "1813"]
[PlyCount "53"]
[EventDate "2012.07.14"]
[EventType "swiss"]
[EventRounds "7"]
[EventCountry "ESP"]
[Source "lmi"]
[SourceDate "2012.07.14"]

1. c4 Nf6 2. g3 e6 3. Bg2 d5 4. Nf3 Bd6 5. O-O O-O 6. b3 c6 7. Bb2 Nbd7 8. Nc3
Re8 9. Qc2 Nf8 10. d4 b6 11. Ne5 Qc7 12. f4 N6d7 13. Nxc6 Qxc6 14. cxd5 exd5
15. Bxd5 Qc7 16. Bxa8 Ba6 17. Bf3 Bb4 18. Rac1 Rc8 19. Qe4 Nf6 20. Nd5 Nxe4 21.
Rxc7 Re8 22. Nxb4 Bc8 23. Bxe4 Bh3 24. Bd5 Rxe2 25. Rxf7 Ne6 26. Re7 Kf8 27.
Nc6 1-0

[Event "25. Open Ciudad de San Fernando 2014"]
[Site "San Fernando ESP"]
[Date "2012.07.15"]
[Round "3.1"]
[White "Garrido Dominguez, Jesus"]
[Black "Herrera Mellado, Luis"]
[Result "1-0"]
[WhiteElo "2380"]
[BlackElo "2031"]
[PlyCount "137"]
[EventDate "2012.07.14"]
[EventType "swiss"]
[EventRounds "7"]
[EventCountry "ESP"]
[Source "lmi"]
[SourceDate "2012.07.14"]

1. e4 d6 2. d4 Nf6 3. Nc3 g6 4. h3 Bg7 5. Nf3 O-O 6. Be3 c6 7. a4 a5 8. Be2 Na6
9. O-O Qc7 10. Nd2 d5 11. e5 Ne8 12. f4 f6 13. Bf3 Be6 14. Ne2 Qd7 15. c3 Nec7
16. g4 f5 17. Ng3 fxg4 18. hxg4 Bh6 19. g5 Bg7 20. Rf2 Rf7 21. Rh2 c5 22. dxc5
d4 23. cxd4 Rxf4 24. Bxb7 Raf8 25. Bxf4 Rxf4 26. Nde4 Nb4 27. Rf2 Rh4 28. Qe2
Bd5 29. Bxd5+ Qxd5 30. Qf3 Nc6 31. Rd1 h6 32. gxh6 Bxh6 33. Kg2 Rf4 34. Qd3 Ne6
35. Kf1 Ncxd4 36. Nc3 Qxe5 37. Qxg6+ Bg7 38. Nce4 Rxf2+ 39. Nxf2 Qxc5 40. Qe4
Qg5 41. Ne2 Qf6 42. Nxd4 Nxd4 43. Rd3 e5 44. Kg2 Ne6 45. Nh3 Nd4 46. Nf2 Ne6
47. Qa8+ Bf8 48. Rg3+ Kf7 49. Kf1 Qh4 50. Rg4 Qh6 51. Qf3+ Nf4 52. Qe4 Bd6 53.
Qf5+ Ke7 54. Qg5+ Qxg5 55. Rxg5 Kf6 56. Rg8 Bb4 57. Re8 Ne6 58. Nd3 Bd6 59. Ra8
e4 60. Nf2 Bb4 61. Nxe4+ Ke5 62. Nf2 Nc5 63. Ke2 Kd5 64. Nd3 Kc4 65. Nxc5 Kxc5
66. Kd3 Kd5 67. Rb8 Kc5 68. Rb5+ Kc6 69. Rxb4 1-0

[Event "25. Open Ciudad de San Fernando 2014"]
[Site "San Fernando ESP"]
[Date "2012.07.15"]
[Round "3.2"]
[White "Diaz Montenegro, Ignacio"]
[Black "Cruz Ravina, Francisco Javier"]
[Result "0-1"]
[WhiteElo "2003"]
[BlackElo "2345"]
[PlyCount "74"]
[EventDate "2012.07.14"]
[EventType "swiss"]
[EventRounds "7"]
[EventCountry "ESP"]
[Source "lmi"]
[SourceDate "2012.07.14"]

1. c4 c5 2. Nf3 Nc6 3. Nc3 g6 4. g3 Bg7 5. Bg2 d6 6. d3 e5 7. Bg5 f6 8. Bd2
Nge7 9. Nd5 Nxd5 10. cxd5 Ne7 11. e4 O-O 12. b4 b6 13. a4 Bd7 14. O-O h6 15.
Ne1 f5 16. Ra2 f4 17. f3 h5 18. g4 Bf6 19. bxc5 bxc5 20. Nc2 Qc8 21. h3 Qa6 22.
Qe2 Rfb8 23. Rfa1 Rb3 24. Bf1 hxg4 25. fxg4 c4 26. dxc4 Rg3+ 27. Kh2 Bxg4 28.
Qe1 Qc8 29. Ra3 Bh4 30. Qc1 Qc5 31. Ne3 Kf7 32. Ng2 f3 33. Rxf3+ Rxf3 34. hxg4
Bg3+ 35. Kh1 Rh8+ 36. Bh6 Qf2 37. g5 Rf4 0-1

[Event "25. Open Ciudad de San Fernando 2014"]
[Site "San Fernando ESP"]
[Date "2012.07.15"]
[Round "3.3"]
[White "Rios Gonzalez, Jose Antonio"]
[Black "Montero Campuzano, Rafael"]
[Result "1/2-1/2"]
[WhiteElo "1995"]
[BlackElo "2083"]
[PlyCount "77"]
[EventDate "2012.07.14"]
[EventType "swiss"]
[EventRounds "7"]
[EventCountry "ESP"]
[Source "lmi"]
[SourceDate "2012.07.14"]

1. d4 Nf6 2. c4 e6 3. Nf3 Bb4+ 4. Bd2 Qe7 5. a3 Bxd2+ 6. Nbxd2 d6 7. e3 O-O 8.
Be2 a5 9. O-O Nc6 10. Qc2 e5 11. d5 Nb8 12. b4 Bg4 13. e4 Nh5 14. h3 Bxf3 15.
Bxf3 Nf4 16. Kh2 Qh4 17. Bg4 h5 18. g3 Qg5 19. Bf3 axb4 20. axb4 Rxa1 21. Rxa1
Na6 22. Qc3 Ng6 23. c5 dxc5 24. bxc5 Nxc5 25. Qxc5 Qxd2 26. Rd1 Qb2 27. Bxh5 b6
28. Qe3 Ne7 29. Rc1 f5 30. Rxc7 fxe4 31. Rxe7 Rxf2+ 32. Kg1 Rf6 33. Rxg7+ Kf8
34. Rf7+ Rxf7 35. Bxf7 Kxf7 36. Qxe4 Qc1+ 37. Kg2 Qd2+ 38. Kf3 Qd1+ 39. Kg2
1/2-1/2

[Event "25. Open Ciudad de San Fernando 2014"]
[Site "San Fernando ESP"]
[Date "2012.07.15"]
[Round "3.4"]
[White "Roman Sanchez, Jesus Maria"]
[Black "Macias Roman, Fco  Javier"]
[Result "1-0"]
[WhiteElo "2054"]
[BlackElo "1953"]
[PlyCount "77"]
[EventDate "2012.07.14"]
[EventType "swiss"]
[EventRounds "7"]
[EventCountry "ESP"]
[Source "lmi"]
[SourceDate "2012.07.14"]

1. Nf3 Nf6 2. d4 c5 3. c4 cxd4 4. Nxd4 e5 5. Nf3 Nc6 6. Nc3 Bb4 7. Bd2 O-O 8.
a3 Bxc3 9. Bxc3 Ne4 10. Qc2 Nxc3 11. Qxc3 e4 12. Nd4 Qg5 13. e3 Rd8 14. O-O-O
d5 15. h4 Qf6 16. Nb5 Qxc3+ 17. Nxc3 Bg4 18. Rxd5 f5 19. Be2 Bxe2 20. Nxe2 Rxd5
21. cxd5 Ne5 22. Nf4 Kf7 23. Rd1 h6 24. h5 Rc8+ 25. Kb1 g5 26. hxg6+ Nxg6 27.
Nxg6 Kxg6 28. f3 Kf6 29. fxe4 fxe4 30. Rd4 Ke5 31. d6 Kf5 32. d7 Rd8 33. Kc2
Kg4 34. Rxe4+ Kg3 35. Re7 Kxg2 36. Rf7 h5 37. e4 h4 38. e5 h3 39. Rh7 1-0

[Event "25. Open Ciudad de San Fernando 2014"]
[Site "San Fernando ESP"]
[Date "2012.07.15"]
[Round "3.5"]
[White "Valhondo Morales, Ruben"]
[Black "Fuertes Romo, Jose Manuel"]
[Result "1/2-1/2"]
[WhiteElo "2085"]
[BlackElo "2023"]
[PlyCount "79"]
[EventDate "2012.07.14"]
[EventType "swiss"]
[EventRounds "7"]
[EventCountry "ESP"]
[Source "lmi"]
[SourceDate "2012.07.14"]

1. d4 d5 2. c4 e6 3. Nc3 Nf6 4. Nf3 Be7 5. Bf4 O-O 6. e3 dxc4 7. Bxc4 a6 8. Ne5
b5 9. Qf3 Ra7 10. Bd3 Bb7 11. Qh3 Nbd7 12. Nxd7 Qxd7 13. Be5 g6 14. Qh6 Ne8 15.
O-O f6 16. Bg3 Ng7 17. Qh3 c5 18. Rfd1 c4 19. Bf1 Rd8 20. a3 Nf5 21. Rac1 Raa8
22. Rc2 Nxg3 23. hxg3 e5 24. dxe5 Qxh3 25. gxh3 Rxd1 26. Nxd1 fxe5 27. Rd2 Rd8
28. Rxd8+ Bxd8 29. Bg2 Bc8 30. Bd5+ Kg7 31. Kg2 Kf6 32. h4 Ke7 33. Kf3 Kd6 34.
Nc3 Ba5 35. Bg8 h6 36. Ne4+ Ke7 37. Bd5 Bb6 38. Nc3 Bc7 39. Ne4 Bb6 40. Nc3
1/2-1/2

[Event "25. Open Ciudad de San Fernando 2014"]
[Site "San Fernando ESP"]
[Date "2012.07.15"]
[Round "4.1"]
[White "Cruz Ravina, Francisco Javier"]
[Black "Garrido Dominguez, Jesus"]
[Result "1/2-1/2"]
[WhiteElo "2345"]
[BlackElo "2380"]
[PlyCount "89"]
[EventDate "2012.07.14"]
[EventType "swiss"]
[EventRounds "7"]
[EventCountry "ESP"]
[Source "lmi"]
[SourceDate "2012.07.14"]

1. e4 d6 2. d4 Nf6 3. Nc3 e5 4. Nf3 Nbd7 5. Bc4 Be7 6. O-O O-O 7. Re1 c6 8. a4
b6 9. h3 a6 10. Ba2 Rb8 11. Nh4 exd4 12. Qxd4 Nc5 13. Nf3 Be6 14. Bxe6 Nxe6 15.
Qc4 b5 16. Qe2 Nd7 17. Rd1 Qc7 18. Be3 Rfe8 19. axb5 axb5 20. Ra7 Rb7 21. Rda1
Ndc5 22. Rxb7 Qxb7 23. Nd4 Nxd4 24. Bxd4 Ne6 25. Ra7 Qb8 26. Be3 b4 27. Nd1 d5
28. exd5 cxd5 29. Rd7 Bf6 30. Qh5 d4 31. Qxf7+ Kh8 32. Bh6 Qc8 33. b3 Rf8 34.
Qxe6 gxh6 35. Nb2 Qxc2 36. Nc4 Qc1+ 37. Kh2 Qf4+ 38. Kg1 Bh4 39. Qe5+ Qxe5 40.
Nxe5 Bxf2+ 41. Kh2 Be3 42. Nc6 Bf4+ 43. g3 Be3 44. Nxb4 Rf2+ 45. Kh1 1/2-1/2

[Event "25. Open Ciudad de San Fernando 2014"]
[Site "San Fernando ESP"]
[Date "2012.07.15"]
[Round "4.2"]
[White "Montero Campuzano, Rafael"]
[Black "Roman Sanchez, Jesus Maria"]
[Result "0-1"]
[WhiteElo "2083"]
[BlackElo "2054"]
[PlyCount "102"]
[EventDate "2012.07.14"]
[EventType "swiss"]
[EventRounds "7"]
[EventCountry "ESP"]
[Source "lmi"]
[SourceDate "2012.07.14"]

1. c4 c6 2. g3 d5 3. Bg2 Nf6 4. Nf3 e6 5. O-O Bc5 6. d4 Bd6 7. Qc2 O-O 8. Nc3
Nbd7 9. e4 Nxe4 10. Nxe4 dxe4 11. Qxe4 Nf6 12. Qc2 c5 13. Rd1 Qc7 14. dxc5 Qxc5
15. a3 Qc7 16. b4 Bd7 17. Bb2 Rad8 18. Ng5 Be5 19. Bd4 Bxd4 20. Rxd4 h6 21. Ne4
Nxe4 22. Bxe4 Ba4 23. Qd2 Rxd4 24. Qxd4 b6 25. c5 Rd8 26. Qc3 bxc5 27. bxc5 Bc6
28. Bxc6 Qxc6 29. Qa5 Rd7 30. a4 Rc7 31. Rc1 Kh7 32. Qb5 Kg6 33. Qd3+ f5 34.
Qb5 Kf6 35. Qb2+ Kf7 36. Qe5 Rd7 37. a5 Rd5 38. Qb8 Rd7 39. Qb4 Rc7 40. g4 Kg6
41. gxf5+ exf5 42. Qf4 Kf6 43. Rc3 Rd7 44. Rc1 Qe4 45. Qxe4 fxe4 46. Rb1 Rc7
47. Rb6+ axb6 48. cxb6 Rc1+ 49. Kg2 Rb1 50. Kg3 Ke5 51. h4 Rb5 0-1

[Event "25. Open Ciudad de San Fernando 2014"]
[Site "San Fernando ESP"]
[Date "2012.07.15"]
[Round "4.3"]
[White "Canto Suplet, Adrian"]
[Black "Rios Gonzalez, Jose Antonio"]
[Result "1-0"]
[WhiteElo "1949"]
[BlackElo "1995"]
[PlyCount "21"]
[EventDate "2012.07.14"]
[EventType "swiss"]
[EventRounds "7"]
[EventCountry "ESP"]
[Source "lmi"]
[SourceDate "2012.07.14"]

1. e4 e5 2. Nc3 Bc5 3. g3 Nf6 4. Bg2 Nc6 5. Nge2 d6 6. h3 a5 7. O-O Be6 8. Nd5
Nd7 9. c3 O-O 10. d4 Ba7 11. Ne3 1-0

[Event "25. Open Ciudad de San Fernando 2014"]
[Site "San Fernando ESP"]
[Date "2012.07.15"]
[Round "4.4"]
[White "Medina Villalba, Miguel"]
[Black "Campos Gambuti, Luis Maria"]
[Result "0-1"]
[WhiteElo "1875"]
[BlackElo "2465"]
[PlyCount "90"]
[EventDate "2012.07.14"]
[EventType "swiss"]
[EventRounds "7"]
[EventCountry "ESP"]
[Source "lmi"]
[SourceDate "2012.07.14"]

1. d4 d5 2. Bf4 Nf6 3. e3 c5 4. c3 Nc6 5. Nf3 Qb6 6. Qb3 c4 7. Qxb6 axb6 8.
Nbd2 b5 9. a3 b4 10. Nb1 Bf5 11. Nfd2 e6 12. Be2 Be7 13. O-O b3 14. f3 Nd7 15.
e4 Bg6 16. Re1 Nb6 17. Nf1 Na4 18. Bc1 O-O 19. Nbd2 b5 20. Ne3 Bg5 21. Kf2 Nb6
22. g3 f5 23. exf5 exf5 24. f4 Bf6 25. Nf3 Rad8 26. Ne5 Nxe5 27. fxe5 Bg5 28.
Ng2 Bxc1 29. Raxc1 Na4 30. Nf4 Nxb2 31. Ne6 Ra8 32. Nxf8 Kxf8 33. Ra1 Na4 34.
Rac1 b2 35. Rb1 f4 36. gxf4 Bxb1 37. Rxb1 Nxc3 38. Rxb2 Rxa3 39. Bf3 Rb3 40.
Rc2 b4 41. Ke1 Ra3 42. Kd2 Nb1+ 43. Ke2 b3 44. Rc1 Ra2+ 45. Ke3 Na3 0-1

[Event "25. Open Ciudad de San Fernando 2014"]
[Site "San Fernando ESP"]
[Date "2012.07.15"]
[Round "4.5"]
[White "Perez Garcia, Roberto"]
[Black "Gentes Benito, Mauricio"]
[Result "1-0"]
[WhiteElo "2214"]
[BlackElo "1983"]
[PlyCount "53"]
[EventDate "2012.07.14"]
[EventType "swiss"]
[EventRounds "7"]
[EventCountry "ESP"]
[Source "lmi"]
[SourceDate "2012.07.14"]

1. d4 Nf6 2. c4 c5 3. d5 e6 4. Nc3 exd5 5. cxd5 d6 6. Nf3 g6 7. e4 Bg7 8. Bg5
h6 9. Bh4 O-O 10. Nd2 Re8 11. Be2 Na6 12. O-O Rb8 13. f4 Qa5 14. Nc4 Qd8 15. e5
dxe5 16. fxe5 b5 17. Ne4 g5 18. Nxf6+ Bxf6 19. Rxf6 gxh4 20. Bh5 Rxe5 21. Bxf7+
Kf8 22. Qf3 bxc4 23. Be6+ Ke7 24. Bxc8 Rxc8 25. Rxa6 Qxd5 26. Qf6+ Kd7 27.
Rxa7+ 1-0

[Event "25. Open Ciudad de San Fernando 2014"]
[Site "San Fernando ESP"]
[Date "2012.07.16"]
[Round "5.1"]
[White "Roman Sanchez, Jesus Maria"]
[Black "Cruz Ravina, Francisco Javier"]
[Result "0-1"]
[WhiteElo "2054"]
[BlackElo "2345"]
[PlyCount "54"]
[EventDate "2012.07.14"]
[EventType "swiss"]
[EventRounds "7"]
[EventCountry "ESP"]
[Source "lmi"]
[SourceDate "2012.07.14"]

1. Nf3 c5 2. b3 d5 3. Bb2 Nc6 4. e3 a6 5. d4 Nf6 6. Be2 e6 7. Nbd2 b6 8. O-O
Bb7 9. c4 Be7 10. Rc1 O-O 11. Qc2 Rc8 12. Qb1 cxd4 13. Nxd4 Nxd4 14. Bxd4 Bc5
15. Qa1 dxc4 16. Bxc5 Rxc5 17. Nxc4 b5 18. Rfd1 Qc7 19. Nb2 Rc8 20. Rxc5 Qxc5
21. Qb1 Ne4 22. Qd3 Nc3 23. Ra1 Be4 24. Qd2 Qd5 25. Qe1 Nxe2+ 26. Qxe2 Rc2 27.
Qd1 Rxb2 0-1

[Event "25. Open Ciudad de San Fernando 2014"]
[Site "San Fernando ESP"]
[Date "2012.07.16"]
[Round "5.2"]
[White "Garrido Dominguez, Jesus"]
[Black "Canto Suplet, Adrian"]
[Result "1-0"]
[WhiteElo "2380"]
[BlackElo "1949"]
[PlyCount "57"]
[EventDate "2012.07.14"]
[EventType "swiss"]
[EventRounds "7"]
[EventCountry "ESP"]
[Source "lmi"]
[SourceDate "2012.07.14"]

1. e4 c5 2. Nf3 d6 3. d4 cxd4 4. Nxd4 Nf6 5. Nc3 Nc6 6. Nde2 g6 7. g3 Bg4 8.
Bg2 Bg7 9. h3 Bd7 10. O-O O-O 11. Nd5 Rc8 12. a4 Ne5 13. c3 Nxd5 14. exd5 Bf5
15. Nd4 Qd7 16. f4 Nc4 17. g4 Bxd4+ 18. cxd4 Bc2 19. Qxc2 Ne3 20. Qb3 Nxf1 21.
Bxf1 h5 22. Bb5 Qc7 23. gxh5 Kg7 24. f5 Qc2 25. Qxc2 Rxc2 26. Bd3 Rfc8 27. Bg5
f6 28. h6+ Kh8 29. fxg6 1-0

[Event "25. Open Ciudad de San Fernando 2014"]
[Site "San Fernando ESP"]
[Date "2012.07.16"]
[Round "5.3"]
[White "Campos Gambuti, Luis Maria"]
[Black "Herrera Mellado, Luis"]
[Result "1-0"]
[WhiteElo "2465"]
[BlackElo "2031"]
[PlyCount "91"]
[EventDate "2012.07.14"]
[EventType "swiss"]
[EventRounds "7"]
[EventCountry "ESP"]
[Source "lmi"]
[SourceDate "2012.07.14"]

1. d4 f5 2. c4 Nf6 3. Nc3 g6 4. g3 Bg7 5. Bg2 O-O 6. Nh3 d6 7. d5 Na6 8. Nf4
Nc5 9. Nb5 a5 10. Nd4 Re8 11. b3 e5 12. dxe6 c6 13. Bb2 Nxe6 14. Ndxe6 Bxe6 15.
Nxe6 Rxe6 16. O-O Qe7 17. e3 Ng4 18. Bxg7 Qxg7 19. Qc2 Nf6 20. Rad1 Qc7 21. Rd4
Rd8 22. Rfd1 Rd7 23. h3 Rde7 24. Qd2 Rd7 25. Bf3 Ne4 26. Qc2 Nf6 27. g4 fxg4
28. hxg4 Rf7 29. Qd2 Ne8 30. Bg2 Rfe7 31. g5 Rf7 32. Bh3 Ree7 33. a3 Qb6 34.
Qc3 Qc5 35. f4 Qxa3 36. Ra1 Qb4 37. Qxb4 axb4 38. Kf2 Kg7 39. Rh1 Rf8 40. Rc1
c5 41. Rd2 Rc7 42. Ra1 Kf7 43. e4 Ke7 44. f5 Kd7 45. Ra8 Rc8 46. f6+ 1-0